| 000 | 00559nam a2200181Ia 4500 | ||
|---|---|---|---|
| 999 |
_c23435 _d23435 |
||
| 003 | OSt | ||
| 005 | 20200512120725.0 | ||
| 008 | 190216s9999||||xx |||||||||||||| ||und|| | ||
| 020 | _a9789839154252 | ||
| 040 | _coclc | ||
| 082 |
_a297.122 _bBEN/Q |
||
| 100 |
_aBennabi, Malik _92170 |
||
| 245 | 4 |
_aThe Quranic Phenomenon: _b An Essay Of A Theory On The Quran / _cMalik Bennabi |
|
| 260 |
_bIslamic Book Trust, _c2004. _aKuala Lumpur: |
||
| 300 | _a299p | ||
| 650 | _aIslamic History | ||
| 942 |
_cBK _2ddc _h297.122 _iBEN/Q _k297.122 _mBEN/Q |
||